<?xml version="1.0" encoding="UTF-8"?>
<record
    xmlns:xsi="http://www.w3.org/2001/XMLSchema-instance"
    xsi:schemaLocation="http://www.loc.gov/MARC21/slim http://www.loc.gov/standards/marcxml/schema/MARC21slim.xsd"
    xmlns="http://www.loc.gov/MARC21/slim">

  <leader>00830cam a2200205 a 4500</leader>
  <controlfield tag="001">000001117</controlfield>
  <controlfield tag="005">20200929145459.0</controlfield>
  <controlfield tag="008">790728s1969    ve           f010 0 spa  </controlfield>
  <datafield tag="040" ind1=" " ind2=" ">
    <subfield code="a">DO-SdBNP</subfield>
    <subfield code="b">spa</subfield>
    <subfield code="c">BNPHU</subfield>
    <subfield code="d">C</subfield>
  </datafield>
  <datafield tag="082" ind1=" " ind2=" ">
    <subfield code="a">348.022</subfield>
    <subfield code="b">U588i</subfield>
  </datafield>
  <datafield tag="110" ind1="1" ind2=" ">
    <subfield code="a">Rep&#xFA;blica de Venezuela</subfield>
    <subfield code="b">Ministerio de Justicia</subfield>
    <subfield code="9">3832</subfield>
  </datafield>
  <datafield tag="245" ind1="1" ind2="0">
    <subfield code="a">&#xCD;ndice de legislaci&#xF3;n vigente :</subfield>
    <subfield code="b">(hasta el 31-12-1968) /</subfield>
    <subfield code="c">pr&#xF3;logo, Jos&#xE9; S. N&#xFA;&#xF1;ez Aristimu&#xF1;o.</subfield>
  </datafield>
  <datafield tag="260" ind1=" " ind2=" ">
    <subfield code="a">Caracas, Venezuela :</subfield>
    <subfield code="b">Universidad Central de Venezuela,</subfield>
    <subfield code="c">1969.</subfield>
  </datafield>
  <datafield tag="300" ind1=" " ind2=" ">
    <subfield code="a">1141 p. ;</subfield>
    <subfield code="c">23 cm.</subfield>
  </datafield>
  <datafield tag="650" ind1=" " ind2="4">
    <subfield code="a">Legislaci&#xF3;n</subfield>
    <subfield code="z">Venezuela</subfield>
    <subfield code="9">3833</subfield>
  </datafield>
  <datafield tag="650" ind1=" " ind2="4">
    <subfield code="a">Venezuela</subfield>
    <subfield code="x">Derecho constitucional</subfield>
    <subfield code="9">3834</subfield>
  </datafield>
  <datafield tag="710" ind1="1" ind2=" ">
    <subfield code="a">Venezuela.</subfield>
    <subfield code="b">Minist&#xE9;rio de Justicia</subfield>
    <subfield code="9">3835</subfield>
  </datafield>
  <datafield tag="710" ind1="2" ind2=" ">
    <subfield code="a">Universidad Central de Venezuela.</subfield>
    <subfield code="b">Instituto de Derecho Privado.</subfield>
    <subfield code="9">3836</subfield>
  </datafield>
  <datafield tag="700" ind1="1" ind2=" ">
    <subfield code="a">Nu&#xF1;ez Aristimu&#xF1;o, Jos&#xE9;</subfield>
    <subfield code="e">pr&#xF3;l.</subfield>
    <subfield code="9">3837</subfield>
  </datafield>
  <datafield tag="952" ind1=" " ind2=" ">
    <subfield code="0">0</subfield>
    <subfield code="1">0</subfield>
    <subfield code="5">2</subfield>
    <subfield code="7">5</subfield>
    <subfield code="8">DS</subfield>
    <subfield code="a">BNPHU</subfield>
    <subfield code="b">BNPHU</subfield>
    <subfield code="c">HD</subfield>
    <subfield code="d">2009-09-10</subfield>
    <subfield code="e">002344</subfield>
    <subfield code="i">LF1</subfield>
    <subfield code="l">0</subfield>
    <subfield code="o">348.022 U588i</subfield>
    <subfield code="p">1117-10</subfield>
    <subfield code="r">2020-06-25</subfield>
    <subfield code="w">2020-06-25</subfield>
    <subfield code="y">LF1</subfield>
    <subfield code="Z">Pr&#xE9;stamo interno</subfield>
  </datafield>
  <datafield tag="999" ind1=" " ind2=" ">
    <subfield code="c">1075</subfield>
    <subfield code="d">1075</subfield>
  </datafield>
</record>
